IPv6 fundamentals : (Record no. 35911)

MARC details
000 -LEADER
fixed length control field 00511nam a22001697a 4500
005 - DATE AND TIME OF LATEST TRANSACTION
control field 20240612151858.0
008 - FIXED-LENGTH DATA ELEMENTS--GENERAL INFORMATION
fixed length control field 240612b |||||||| |||| 00| 0 eng d
020 ## - INTERNATIONAL STANDARD BOOK NUMBER
ISBN 9781587143137
082 ## - DEWEY DECIMAL CLASSIFICATION NUMBER
Classification number 004.62
Item number GRA-I
100 ## - MAIN ENTRY--AUTHOR
Author Name Graziani, Rick
245 ## - TITLE STATEMENT
Title IPv6 fundamentals :
Remainder of title A straightforward approach to understanding iPv6 /
Statement of responsibility, etc. Rick Graziani
260 ## - PUBLICATION, DISTRIBUTION, ETC.
Place of Publication USA:
Name of publisher, distributor, etc. Pearson;
Date of publication, distribution, etc. 2013.
300 ## - PHYSICAL DESCRIPTION
Pages xiv, 418 P. :
500 ## - GENERAL NOTE
General note include index.
650 ## - SUBJECT ADDED ENTRY--TOPICAL TERM
Subject / Department computer science-Networking
300 ## - PHYSICAL DESCRIPTION
-- Ill;
-- 24 cm.
952 ## - LOCATION AND ITEM INFORMATION (KOHA)
-- 0
-- 0
Holdings
Lost status Damaged status Collection code Permanent Location Current Location Shelving Location Date acquired Full Call Number Accession No./Barcode Date last seen item type Koha item type
    CS/IT Superior Information Resource Center (SIRC) Superior University- Gold Campus Superior Information Resource Center (SIRC) Superior University- Gold Campus Networking 06/12/2024 004.62 GRA-I 2013 16106 06/12/2024 BOOK BOOK

Powered by Koha